Minecraft witch drops - Statistics

General Stats
  • This quiz has been taken 30 times
  • The average score is 5 of 7
Answer Stats
Answer % Correct
Redstone Dust
84%
Stick
76%
Glowstone Dust
72%
Sugar
72%
Glass Bottle
64%
Spider Eye
44%
Gunpowder
40%
No matching quizzes found
Score Distribution
Percent of People with Each Score
Percentile by Number Answered
Your Score History
You have not taken this quiz